Macroeconomics : (Record no. 3621)

000 -LEADER
fixed length control field 01102cam a2200301 a 4500
001 - CONTROL NUMBER
control field 16542846
003 - CONTROL NUMBER IDENTIFIER
control field Nust
005 - DATE AND TIME OF LATEST TRANSACTION
control field 20180117090010.0
008 - FIXED-LENGTH DATA ELEMENTS--GENERAL INFORMATION
fixed length control field 101118s2012 maua 001 0 eng
010 ## - LIBRARY OF CONGRESS CONTROL NUMBER
LC control number 2010048072
020 ## - INTERNATIONAL STANDARD BOOK NUMBER
International Standard Book Number 9780132555494 (pbk.)
040 ## - CATALOGING SOURCE
Original cataloging agency DLC
Transcribing agency DLC
050 00 - LIBRARY OF CONGRESS CALL NUMBER
Classification number HB172.5
Item number .O85 2012
082 00 - DEWEY DECIMAL CLASSIFICATION NUMBER
Classification number 339
Edition number 22
100 1# - MAIN ENTRY--PERSONAL NAME
Personal name O'Sullivan, Arthur.
245 10 - TITLE STATEMENT
Title Macroeconomics :
Remainder of title principles, applications, and tools /
Statement of responsibility, etc. Arthur O'Sullivan, Steven M. Sheffrin, Stephen J. Perez.
250 ## - EDITION STATEMENT
Edition statement 7th ed.
260 ## - PUBLICATION, DISTRIBUTION, ETC.
Place of publication, distribution, etc. Boston :
Name of publisher, distributor, etc. Prentice Hall,
Date of publication, distribution, etc. c2012.
300 ## - PHYSICAL DESCRIPTION
Extent xxiv, 431 p. :
Other physical details col. ill. ;
Dimensions 28 cm.
500 ## - GENERAL NOTE
General note Includes index.
650 #0 - SUBJECT ADDED ENTRY--TOPICAL TERM
Topical term or geographic name entry element Macroeconomics.
700 1# - ADDED ENTRY--PERSONAL NAME
Personal name Sheffrin, Steven M.
700 1# - ADDED ENTRY--PERSONAL NAME
Personal name Perez, Stephen J.
906 ## - LOCAL DATA ELEMENT F, LDF (RLIN)
a 7
b cbc
c orignew
d 1
e ecip
f 20
g y-gencatlg
942 ## - ADDED ENTRY ELEMENTS (KOHA)
Source of classification or shelving scheme
Koha item type Book
Holdings
Withdrawn status Lost status Source of classification or shelving scheme Damaged status Not for loan Collection code Permanent Location Current Location Shelving location Date acquired Total Checkouts Full call number Barcode Date last seen Price effective from Koha item type
            Central Library (CL) Central Library (CL) General Stacks 11/22/2016   339 SUL S3H-S-77 11/22/2016 11/22/2016 Book
© 2023 Central Library, National University of Sciences and Technology. All Rights Reserved.